000 01116nam a22002777a 4500
001 0016849
003 KOHA_MİRAKIL
005 20260207002118.0
007 ta
008 100429b tu |||gr||||#||||1|tur |
040 _aTR-BiSEU
_btur
_cTR-BiSEU
_erda
041 0 _atur
044 _ctu
050 _aPN1992.6
_b.T45 [t.y.]
245 1 _aTelevizyon ve kültür :
_bAvrupa'daki politikalar ve yasal düzenlemeler :
_bAvrupa Medya Enstitüsünün Belçika Fransızca konuşan cemaati bakanlığının (görsel iştsel konular ve multimedya genel departmaı) talebi üzerine gerçekleştirdiği araştırma/
_cEmmanuelle Machet, Serge Robillard; çeviren Erol Mutlu.
264 1 _aAnkara :
_bTRT Eğitim Dairesi Başkanlığı
_c[t.y.]
300 _a149 sayfa: tablo; 25 cm.
336 _ametin
_btxt
_2rdacontent
337 _aaracısız
_bn
_2rdamedia
338 _acilt
_bnc
_2rdacarrier
650 0 _aTelevision programs--Social aspects.
_939055
650 0 _aPopular culture.
_911165
650 0 _aTelevizyon programları--Sosyal yönler.
_939056
650 0 _aPopüler kültür.
_911965
942 _2lcc
_cBK
999 _c16809
_d16809